000 00637nam a2200181Ia 4500
008 090124s9999 xx 000 0 und d
082 _b8338
_a1258
100 _aपंगु द.सी. (दत्तात्रय सीताराम)
245 _a विराट पर्व
250 _a1
260 _c1954
300 _a58+183
600 _aपंगु द.सी. (दत्तात्रय सीताराम)
630 _a विराट पर्व
700 _aपंगु द.सी. (दत्तात्रय सीताराम)
730 _a विराट पर्व
942 _cBOOK
999 _c122279
_d122279